000 00487nam a2200217Ia 4500
003 OSt
005 20221005113756.0
006 a|||||r|||| 00| 0
007 ta
008 221004b |||||||| |||| 00| 0 eng d
024 _a114852
037 _cTextual
040 _aCRL
_cCRL
_beng
041 _2eng
_aeng
100 _aMaheshwari S N
245 0 _aAdvanced accounting
260 _c1994
490 _v1
942 _cTEXL
_2cc
999 _c1029234
_d1029234